| 000 -LEADER | |
|---|---|
| fixed length control field | 00425nam a22001697a 4500 |
| 005 - DATE AND TIME OF LATEST TRANSACTION | |
| control field | 20260121145323.0 |
| 008 - FIXED-LENGTH DATA ELEMENTS--GENERAL INFORMATION | |
| fixed length control field | 160623b xxu||||| |||| 00| 0 eng d |
| 020 ## - INTERNATIONAL STANDARD BOOK NUMBER | |
| ISBN | 978-0-07-058741-0 |
| 041 ## - LANGUAGE CODE | |
| Language code of text/sound track or separate title | eng |
| 082 ## - DEWEY DECIMAL CLASSIFICATION NUMBER | |
| Item number | 005.74 |
| 100 ## - MAIN ENTRY--AUTHOR NAME | |
| Personal name | Beason, Alase and Smith Stephen J |
| 245 ## - TITLE STATEMENT | |
| Title | Data Warehousing, Data Mining & OLAP |
| 260 ## - PUBLICATION, DISTRIBUTION, ETC. (IMPRINT) | |
| Name of publisher | TMH |
| Year of publication | 2013 |
| 300 ## - PHYSICAL DESCRIPTION | |
| Number of Pages | 559 |
| 650 ## - SUBJECT ADDED ENTRY--TOPICAL TERM | |
| Topical Term | Information Technology |
| 942 ## - ADDED ENTRY ELEMENTS (KOHA) | |
| Koha item type | Books |
| Lost status | Damaged status | Collection code | Home library | Current library | Shelving location | Date acquired | Source of acquisition | Cost, normal purchase price | Full call number | Accession Number | Koha item type |
|---|---|---|---|---|---|---|---|---|---|---|---|
| CS/IT | JRU Library | JRU Library | SHELF-52-A | 23/06/2016 | PURCHASE | 665.00 | 005.74 | 9410 | Books | ||
| CS/IT | JRU Library | JRU Library | SHELF-52-A | 23/06/2016 | 665.00 | 005.74 | 9411 | Books | |||
| CS/IT | JRU Library | JRU Library | SHELF-52-A | 23/06/2016 | 665.00 | 005.74 | 9413 | Books | |||
| CS/IT | JRU Library | JRU Library | SHELF-52-A | 23/06/2016 | 665.00 | 005.74 | 9414 | Books | |||
| CS/IT | JRU Library | JRU Library | SHELF-52-A | 23/06/2016 | PURCHASE | 665.00 | 005.74 | 9412 | Books |